| 000 | 00923nam a2200325Ia 4500 | ||
|---|---|---|---|
| 008 | 160803s9999 xx 000 0 und d | ||
| 020 | _a 978-0439559720 | ||
| 100 | _aStilton, Geronimo | ||
| 245 | _aAll because of a cup of coffee / | ||
| 245 | _cGeronimo Stilton ; [illustrations by Larry Keys, revised by Topetti & Rattozzi | ||
| 260 | _aNew York : | ||
| 260 | _bScholastic Inc. | ||
| 260 | _c2000 | ||
| 300 | _a112 pages : | ||
| 300 | _bcolor illustrations, maps ; | ||
| 300 | _c20 cm | ||
| 440 | _aGeronimo Stilton ; | ||
| 440 | _vbk. 10 | ||
| 650 | _aExplorers -- | ||
| 650 | _aJournalists -- | ||
| 650 | _aMice -- | ||
| 650 | _aStilton, Geronimo -- | ||
| 650 | _aStilton, Geronimo (Fictitious character) -- | ||
| 650 | _xFiction. | ||
| 650 | _xJuvenile fiction. | ||
| 650 | _xJuvenile fiction. | ||
| 650 | _xJuvenile fiction. | ||
| 650 | _xJuvenile fiction. | ||
| 700 | _a420 | ||
| 999 |
_c298227 _d298227 |
||